| 000 | 01208nam a22002297a 4500 | ||
|---|---|---|---|
| 003 | OSt | ||
| 005 | 20191029062629.0 | ||
| 008 | 180305b xxu||||| |||| 00| 0 spa d | ||
| 020 | _a9509385611 | ||
| 040 | _cPJ | ||
| 100 |
_91322 _aLivellara, Carlos Alberto |
||
| 245 | 1 | 0 |
_aRégimen legal bancario / _cCarlos Alberto Livellara. |
| 260 |
_aBuenos Aires : _bCiudad Argentina, _c1996. |
||
| 300 |
_a564 p. _c20 cm. |
||
| 504 | _aBibliografía: p. 529-551. | ||
| 505 | _aContenido: La actividad laboral bancaria y su regulación -- Desarrollo de la normativa regulatoria heteronoma (1º parte) -- Desarrollo de la normativa regulatoria heteronoma (2º parte) -- Fuente autónoma: El convenio colectivo de trabajo de la actividad bancaria -- Derecho y deberes (1º parte) -- Derecho y deberes (2º parte) -- Condiciones de trabajo -- Régimen remuneratorio -- Suspensiones derivadas de la investigación de la conducta del trabajador --Reglamentos de empresa -- Legislación complementaria. | ||
| 650 | 0 |
_91316 _aDERECHO LABORAL |
|
| 650 | 0 |
_91338 _aDERECHO COLECTIVO DEL TRABAJO |
|
| 650 | 0 |
_aCONDICIONES DE TRABAJO _91319 |
|
| 650 | 0 |
_91526 _aEMPLEADOS DE BANCOS |
|
| 942 |
_2udc _cLIB _h349.22 _iLIV |
||
| 999 |
_c1041 _d1041 |
||